| 000 | 00777nam a22002531c 4500 | ||
|---|---|---|---|
| 001 | a987667177 | ||
| 008 | 110505s2010 gw |||| 000u rus d | ||
| 041 | _arus | ||
| 100 | 1 | _aPopravko, E. A. | |
| 245 | 0 | 0 |
_aMuzejnoe delo v Primorskom krae v uslovijach social'no-ekonomičeskich, političeskich i kul'turnych preobrazovanij perioda "perestrojki" i rynočnych reform : _b(1985-200-e gody) |
| 264 |
_aVladivostok, _c2010 |
||
| 300 | _a292 S. | ||
| 650 | 0 | _aMuseum | |
| 650 | 0 | _aDenkmalschutz | |
| 650 | 0 | _aTransformation | |
| 650 | 0 | _aHeimatkunde | |
| 650 | 0 | _a | |
| 651 | 0 | _aSibirien | |
| 651 | 0 | _aFerner Osten | |
| 710 | 2 | _aDal'nevostočnyj gos. universitet / Inst. istorii filosofii i kul'tury | |
| 942 | _cMG | ||
| 040 | _cRU-10907106 | ||
| 003 | RU-10907106 | ||
| 999 |
_c23480 _d23480 |
||